[Event "10th LCC FIDE Open 2018"]
[Site "London"]
[Date "2018.12.15"]
[Round "7"]
[White "Kueppers, Timo"]
[Black "Woong, Zhi Wei William"]
[Result "1/2-1/2"]
[WhiteElo "2320"]
[BlackElo "2146"]
[Annotator "NA"]
[PlyCount "91"]
[EventDate "2018.12.09"]
[EventType "swiss"]
[EventCountry "ENG"]
[SourceTitle "playchess.com"]
[Source "ChessBase"]
[SourceQuality "1"]
[TimeControl "40/5400+30:1800+30"]

1. d4 {[%emt 0:00:04]} d5 {[%emt 0:00:00]} 2. c4 {[%emt 0:00:22]} e6 {[%emt 0:00:00]} 3. Nc3 {[%emt 0:00:05]} Be7 {[%emt 0:00:00]} 4. cxd5 {[%emt 0:00:05]} exd5 {[%emt 0:00:00]} 5. Bf4 {[%emt 0:00:08]} c6 {[%emt 0:00:13] LiveBook: 1367 Games} 6. Qc2 {[%emt 0:00:06]} Bd6 {[%emt 0:00:21]} 7. Bxd6 {[%emt 0:05:16] D31: Queen's Gambit Declined: Semi-Slav without ...Nf6 (+ Marshall Gambit and Noteboom) and Exchange Variation lines without ...Nf6} Qxd6 {[%emt 0:00:05]} 8. e3 {[%emt 0:00:08]} Qg6 {[%emt 0:00:06]} (8... Ne7 9. Bd3 b6 10. Nf3 Ba6 11. O-O Bxd3 12. Qxd3 O-O 13. e4 Nd7 14. Rfe1 Rfe8 {0-1 (27) Nakamura,H (2780)-Topalov,V (2749) Saint Louis 2017}) 9. Qxg6 {[%emt 0:02:10]} hxg6 {[%emt 0:00:19]} 10. Bd3 {[%emt 0:00:31]} Bf5 {[%emt 0:12:06]} 11. Ke2 {[%emt 0:02:40]} Nf6 {[%emt 0:01:58]} 12. Nf3 {[%emt 0:00:30]} Nbd7 {[%emt 0:01:40]} 13. h3 {[%emt 0:01:37]} Ke7 $146 {[%emt 0:18:35]} ({Predecessor:} 13... Ne4 14. Rhc1 Nxc3+ 15. Rxc3 {½-½ (61) Muha,M (2257)-Woong,Z (2008) Poprad 2016}) 14. Rhc1 {[%emt 0:03:24]} Rhc8 {[%emt 0:11:08]} 15. Ne1 {[%emt 0:12:59]} Ne8 {[%emt 0:03:42]} 16. Na4 {[%emt 0:02:37]} Nd6 {[%emt 0:08:30]} 17. Rc3 {[%emt 0:02:40]} Be4 {[%emt 0:16:12]} 18. Rac1 {[%emt 0:02:25]} Re8 {[%emt 0:03:37]} 19. Nc5 {[%emt 0:08:20]} Bxd3+ {[%emt 0:05:32]} 20. Nexd3 {[%emt 0:01:56]} Ne4 {[%emt 0:00:53]} 21. Nxe4 {[%emt 0:09:04]} dxe4 {[%emt 0:00:05]} 22. Nc5 {[%emt 0:03:35]} Nxc5 {[%emt 0:01:37]} 23. Rxc5 {[%emt 0:00:06]} Rad8 {[%emt 0:03:44]} 24. b4 {[%emt 0:01:46]} a6 {[%emt 0:03:02]} 25. Kd2 {[%emt 0:02:52]} Rd6 {[%emt 0:00:54]} 26. Kc3 {[%emt 0:02:34]} Rd5 {[%emt 0:02:37]} 27. Rxd5 {[%emt 0:10:09]} cxd5 {[%emt 0:00:05]} 28. Kb3 {[%emt 0:00:03]} Rd8 {[%emt 0:03:47]} 29. Ka4 {[%emt 0:02:15]} b6 {[%emt 0:01:01]} 30. b5 {[%emt 0:01:39]} a5 {[%emt 0:00:14]} 31. Kb3 $11 {[%emt 0:01:01]} Rd6 {[%emt 0:00:36]} 32. Kc3 {[%emt 0:00:28]} Rf6 {[%emt 0:00:58]} 33. Rc2 {[%emt 0:00:04]} g5 {[%emt 0:00:28]} 34. Kb2 {[%emt 0:00:36]} Kd7 {[%emt 0:00:11]} 35. Kc1 {[%emt 0:00:26]} Rh6 {[%emt 0:00:52]} 36. Kb2 {[%emt 0:06:57]} Rh8 {[%emt 0:00:41]} 37. Rc6 {[%emt 0:00:00]} Rh6 {[%emt 0:00:05]} 38. Rc2 {[%emt 0:01:37]} Rh8 {[%emt 0:00:06]} 39. Kc1 {[%emt 0:00:06]} Rc8 {[%emt 0:00:58]} 40. Rxc8 {[%emt 0:00:06]} Kxc8 {[%emt 0:00:03]} 41. Kd2 {[%emt 0:35:56]} Kd7 {[%emt 0:31:10]} 42. Ke2 {[%emt 0:04:05]} Ke6 {[%emt 0:01:25]} 43. Kf1 {[%emt 0:00:33]} Kf5 {[%emt 0:00:00]} 44. Kg1 {[%emt 0:00:00]} g4 {[%emt 0:00:00]} 45. Kh2 {[%emt 0:00:00]} Kg5 {[%emt 0:00:00]} 46. Kg3 {[%emt 0:00:00]} 1/2-1/2

[Event "10th LCC FIDE Open 2018"]
[Site "London"]
[Date "2018.12.15"]
[Round "7"]
[White "Ronka, Erik"]
[Black "Tozer, Philip A A"]
[Result "1-0"]
[WhiteElo "2281"]
[BlackElo "2137"]
[Annotator "NA"]
[PlyCount "63"]
[EventDate "2018.12.09"]
[EventType "swiss"]
[EventCountry "ENG"]
[SourceTitle "playchess.com"]
[Source "ChessBase"]
[SourceQuality "1"]
[TimeControl "40/5400+30:1800+30"]

1. e4 {[%emt 0:00:00]} e6 {[%emt 0:00:00]} 2. d4 {[%emt 0:00:10]} d5 {[%emt 0:00:00]} 3. Nc3 {[%emt 0:01:48]} Nf6 {[%emt 0:00:00]} 4. e5 {[%emt 0:00:15]} Nfd7 {[%emt 0:00:00]} 5. f4 {[%emt 0:00:10]} c5 {[%emt 0:00:00]} 6. Nf3 {[%emt 0:00:06]} Nc6 {[%emt 0:00:01]} 7. Be3 {[%emt 0:00:11]} cxd4 {[%emt 0:00:12]} 8. Nxd4 {[%emt 0:00:05]} Bc5 {[%emt 0:00:07]} 9. Qd2 {[%emt 0:01:01]} O-O {[%emt 0:00:09]} 10. O-O-O {[%emt 0:00:47]} a6 {[%emt 0:00:12]} 11. Qf2 {[%emt 0:02:22]} Bxd4 {[%emt 0:00:05]} 12. Bxd4 {[%emt 0:00:05]} b5 {[%emt 0:00:09]} 13. Be3 {[%emt 0:00:20] C11: French: Classical System: 4 e5 and 4 Bg5 dxe4} b4 {[%emt 0:00:41]} (13... Qa5 14. Kb1 b4 15. Ne2 Qc7 16. Nd4 Nxd4 17. Bxd4 a5 18. Bb5 a4 19. b3 Ba6 20. Bxa4 Rfc8 {1-0 (74) So,W (2808)-Holt,C (2567) chess.com INT 2017}) 14. Na4 {[%emt 0:00:46]} a5 {[%emt 0:00:27]} 15. h4 {[%emt 0:00:27]} Ba6 {[%emt 0:02:04]} 16. h5 {[%emt 0:08:20]} Bxf1 {[%emt 0:05:55]} 17. Rhxf1 {[%emt 0:00:25] [#]} h6 $146 {[%emt 0:07:16]} ({Predecessor:} 17... f6 18. h6 g6 19. exf6 Nxf6 20. Qe2 Ne4 {1-0 (48) Cheparinov,I (2625)-Stellwagen,D (2573) Wijk aan Zee 2006}) 18. g4 {[%emt 0:00:17]} f5 {[%emt 0:10:15]} 19. exf6 {[%emt 0:10:21]} Qxf6 {[%emt 0:05:37]} 20. Qg2 {[%emt 0:04:08]} Kh8 {[%emt 0:01:39]} 21. Kb1 {[%emt 0:14:33]} Rac8 {[%emt 0:23:06]} 22. b3 {[%emt 0:06:44]} d4 {[%emt 0:04:25]} 23. Bc1 {[%emt 0:09:51]} Qe7 {[%emt 0:03:08]} 24. g5 {[%emt 0:11:00]} Rf5 {[%emt 0:03:12]} 25. gxh6 {[%emt 0:00:55]} Nf6 {[%emt 0:05:30]} 26. hxg7+ {[%emt 0:02:33]} Qxg7 {[%emt 0:00:09]} 27. Qe2 {[%emt 0:00:26]} e5 {[%emt 0:03:20]} 28. fxe5 {[%emt 0:02:23]} Rxe5 {[%emt 0:00:08]} 29. Qa6 {[%emt 0:03:54]} Ree8 {[%emt 0:02:35]} 30. Rde1 {[%emt 0:06:17]} Rc7 {[%emt 0:06:21]} 31. Rxe8+ $18 {[%emt 0:02:33]} Nxe8 {[%emt 0:00:15]} 32. Bf4 {[%emt 0:01:28]} 1-0

[Event "10th LCC FIDE Open 2018"]
[Site "London"]
[Date "2018.12.15"]
[Round "7"]
[White "Tomaszewski, Kacper"]
[Black "Akash Pc, Iyer"]
[Result "1/2-1/2"]
[WhiteElo "2259"]
[BlackElo "2441"]
[Annotator "TA"]
[PlyCount "187"]
[EventDate "2018.12.09"]
[EventType "swiss"]
[EventCountry "ENG"]
[SourceTitle "playchess.com"]
[Source "ChessBase"]
[SourceQuality "1"]

{[%evp 12,187,52,47,65,42,60,29,28,41,64,58,73,24,28,23,37,11,32,22,20,0,0,0,4,11,0,0,0,-33,-29,-27,-28,-29,-31,-43,-36,-42,-25,-48,-43,-66,-53,-100,-95,-154,-154,-154,-154,-154,-154,-156,-158,-120,-108,-189,-200,-192,-163,-164,-100,-112,-105,-105,-104,-89,-70,-70,-67,-70,-70,-151,-79,-193,-70,-70,-77,-84,0,-149,-152,-159,-159,-158,-151,-159,-155,-180,-31,-31,0,-168,-20,-142,-133,-125,-122,-144,-154,-215,-222,-202,-200,-469,-451,-527,-538,-487,-524,-520,-520,-520,-516,-519,-512,-503,-487,-463,0,-457,0,-355,-189,-173,-183,-973,-969,-845,0,0,0,-13,0,0,0,0,0,0,0,0,0,0,0,0,0,0,206,0,0,0,0,0,0,0,517,0,0,0,304,0,0,0,0,0,0,0,0,0,0,0,0,0,0,0,0,0,0,0]} 1. d4 Nf6 2. c4 e6 3. Nf3 d5 4. Nc3 Nbd7 5. Bf4 c6 6. e3 Qa5 7. Nd2 Bb4 {D37: Queen's Gambit Declined: 5 Bf4} 8. Qc2 O-O 9. Rc1 $146 ({Predecessor:} 9. Bd3 Re8 10. cxd5 exd5 11. O-O h6 12. a3 Bf8 13. b4 Qd8 14. h3 g5 {1-0 (57) Kazimova,N (2270)-Canbulan,A (1891) Kesan 2018}) 9... Re8 {White has an edge.} 10. a3 Bf8 11. Be2 Qd8 12. cxd5 exd5 13. O-O Nb6 14. b4 Bg4 15. Bd3 Bh5 16. Qb1 Bg6 17. Bxg6 hxg6 18. a4 {[%cal Ba3a4,Ba4a5][%mdl 32]} Nh5 19. a5 Nd7 {[%cal Bb6d7,Bd7f6,Bf6e4][%mdl 32]} 20. Bg3 Nxg3 21. hxg3 a6 22. Na4 Nf6 23. Nf3 Bd6 24. Nc5 Qc7 25. Nd3 Ne4 26. Qb2 g5 {[%cal Bg6g5,Bg5g4][%mdl 32]} 27. Nc5 g4 28. Nxe4 (28. Ne5 $142) 28... Rxe4 $17 29. Ne1 Qe7 30. Nd3 Re6 $1 31. Rfe1 Re8 32. Nc5 Rh6 33. e4 (33. Qd2 $17 {keeps fighting.}) 33... Bxc5 $1 $19 34. dxc5 dxe4 35. Rc4 f5 (35... Qd7 $1 $19 {[%cal Rd7f5]} 36. Qc2 f5) 36. Rd4 $17 Qf7 $1 {[%cal Rf7h5] ...Qh5 is the strong threat.} 37. Kf1 Kh7 38. Ke2 Re7 39. Qd2 Rh2 40. Rg1 Qe6 $36 {[%mdl 2048] Black has good play.} 41. Ke3 (41. Qc3 $15) 41... Qe5 (41... Qh6+ $142 $1 42. Ke2 Qf6) 42. Rd8 (42. Rd7 $17) 42... Rf7 (42... g5 $1 $19 43. Qd4 f4+ 44. gxf4 gxf4+ 45. Ke2 Qxd4 46. Rxd4 Kg6) 43. Ke2 $15 Qe6 44. Rd4 Re7 (44... Rf8 $142) 45. Ke3 $1 $17 Qh6+ 46. Ke2 Qxd2+ $1 47. Kxd2 {[%mdl 4096] Endgame KRR-KRR} Kg6 48. Ke3 Kf6 49. Rd6+ Kg5 (49... Ke5 $19 50. Rd8 g5) 50. Rd8 $15 Kf6 (50... g6 $15) 51. Rd6+ $1 $19 Kf7 ({Black should try} 51... Ke5 $19 52. Rd8 g5) 52. Rd8 (52. Kf4 $11 {was the only way to keep the balance.}) 52... g5 $1 $17 53. Rd6 Kg7 54. Rd8 Kf6 55. Rd6+ (55. Rgd1 $17) 55... Ke5 $19 56. Ke2 f4 {[%cal Bf5f4,Bf4f3][%mdl 32]} 57. Rd8 $2 (57. gxf4+ gxf4 58. Rd8) 57... f3+ 58. Ke3 fxg2 59. Rg8 Kf6 60. Rf8+ Kg7 61. Rd8 Kf7 62. Rd4 Kf6 63. Rd8 Kg6 64. Rg8+ Kf6 $2 ({Better is} 64... Kf5 $19 65. Rf8+ Kg6 66. Rg8+ Kf6 67. Rf8+ Kg7) 65. Rd8 $2 {[%mdl 8192]} (65. Rf8+ $11 {and White has nothing to worry.} Kg7 66. Rd8) 65... Ke5 66. Rg8 $1 Rf7 (66... Kf5 $142 67. Rf8+ Ke5 68. Rg8) 67. Rxg5+ Rf5 68. Rxg4 $2 (68. Rxf5+ Kxf5 69. Kd4) 68... Rf3+ 69. Ke2 Rb3 $2 (69... Rh1 $1 $19 {[%cal Rh1g1]} 70. Rxg2 Rb3) 70. Rh4 $11 Rxh4 ({Don't blunder} 70... Rxb4 $2 71. Rxh2 Rb2+ 72. Ke3 $18) 71. gxh4 {KR-KR} Kd4 {( -> ...Rb2+)} 72. Rxg2 Rxb4 73. Rh2 Rb2+ (73... Kxc5 74. h5 $18) 74. Kf1 {With the idea h5.} Kxc5 75. h5 {Hoping for h6.} Rd2 $1 76. h6 Rd8 77. h7 Rh8 78. Ke2 Kd4 $2 (78... Kd5 $11) 79. Rh4 $2 (79. Rh5 $1 $18) 79... Ke5 80. Ke3 Kf5 81. Kd4 Kg5 82. Rh3 Kf4 $2 {[%mdl 8192] [#]} (82... Kg6 $11) 83. Rh4+ $2 (83. Kc5 $1 $18 {[%cal Rc5b6] Strongly threatening Kb6.} Ke5 84. Rh6) 83... Kg5 84. Rh1 Kf4 $2 {[%mdl 8192] [#]} (84... Kg6 $11 {and Black is okay.}) 85. Rh3 $2 (85. Kc5 $1 $18) 85... Kf5 {The position is equal.} 86. Ke3 (86. Rh1 {with more complications.} Kg6 87. Rh3 Kf5) 86... Kg6 87. Kxe4 Rxh7 88. Rxh7 Kxh7 {K3P-KPP} 89. Kd4 Kg6 90. Kc5 Kf5 91. Kb6 Ke6 92. Kxb7 c5 93. Kxa6 {And now Kb5 would win.} c4 {aiming for ...c3.} 94. Kb7 {Accuracy: White = 53%, Black = 59%.} 1/2-1/2

[Event "10th LCC FIDE Open 2018"]
[Site "London"]
[Date "2018.12.15"]
[Round "7"]
[White "Barrish, Daniel"]
[Black "Edwards, Simon R"]
[Result "1-0"]
[WhiteElo "2252"]
[BlackElo "1931"]
[Annotator "NA"]
[PlyCount "95"]
[EventDate "2018.12.09"]
[EventType "swiss"]
[EventCountry "ENG"]
[SourceTitle "playchess.com"]
[Source "ChessBase"]
[SourceQuality "1"]
[TimeControl "40/5400+30:1800+30"]

1. d4 {[%emt 0:04:34]} Nf6 {[%emt 0:02:15]} 2. c4 {[%emt 0:00:07]} c5 {[%emt 0:00:33]} 3. d5 {[%emt 0:00:06]} b5 {[%emt 0:00:15]} 4. cxb5 {[%emt 0:00:07]} a6 {[%emt 0:00:05]} 5. f3 {[%emt 0:00:05]} e6 {[%emt 0:01:53]} 6. e4 {[%emt 0:00:07]} exd5 {[%emt 0:02:09]} 7. e5 {[%emt 0:00:07]} Qe7 {[%emt 0:01:53]} 8. Qe2 {[%emt 0:00:40]} Ng8 {[%emt 0:00:08]} 9. Nc3 {[%emt 0:00:08]} Bb7 {[%emt 0:01:14]} 10. Nh3 {[%emt 0:00:09]} c4 {[%emt 0:04:38] A57: Benko/Volga Gambit} 11. Nf4 {[%emt 0:00:14]} Qc5 {[%emt 0:00:31]} 12. Nfxd5 {[%emt 0:00:10]} Bxd5 {[%emt 0:00:36]} 13. Be3 {[%emt 0:00:08]} Qb4 {[%emt 0:00:11]} 14. a3 {[%emt 0:00:13]} Qa5 {[%emt 0:00:23]} 15. Bd2 {[%emt 0:00:10]} Be6 {[%emt 0:02:44]} 16. Nd5 {[%emt 0:00:12]} Qd8 {[%emt 0:00:42]} 17. Qxc4 {[%emt 0:00:16]} Ra7 {[%emt 0:03:21]} 18. Rc1 {[%emt 0:00:42]} Bxd5 {[%emt 0:05:07]} (18... axb5) 19. Qxd5 {[%emt 0:00:09]} axb5 {[%emt 0:00:04]} 20. Bxb5 {[%emt 0:01:57]} Ne7 $146 {[%emt 0:00:44]} 21. Qd3 {[%emt 0:11:18]} Nbc6 {[%emt 0:01:33]} 22. O-O {[%emt 0:04:16]} Rb7 {[%emt 0:03:37]} 23. a4 {[%emt 0:02:23]} g6 $1 {[%emt 0:00:14]} ({Much weaker is} 23... Nxe5 $6 24. Qe4 $16) 24. Bg5 {[%emt 0:06:10]} Qb6+ {[%emt 0:06:35]} 25. Be3 {[%emt 0:03:31]} Qd8 {[%emt 0:00:59]} 26. Rfd1 {[%emt 0:03:09]} Nxe5 {[%emt 0:09:27]} 27. Qe4 {[%emt 0:01:53]} Qb8 {[%emt 0:00:05]} 28. f4 {[%emt 0:09:09]} Ng4 {[%emt 0:08:18]} 29. Bd4 {[%emt 0:12:35]} f5 {[%emt 0:09:22]} 30. Qf3 {[%emt 0:02:46]} (30. Qe2 $18 {is the precise move to win.} Rg8 31. h3) 30... Bh6 {[%emt 0:03:12]} 31. Bxh8 {[%emt 0:06:17]} Bxf4 {[%emt 0:03:09]} 32. g3 $16 {[%emt 0:01:52]} (32. Rc3 $142 Bxh2+ 33. Kh1) 32... Bxc1 {[%emt 0:03:23]} 33. Rxc1 {[%emt 0:00:14]} Rc7 {[%emt 0:02:06]} 34. Rd1 {[%emt 0:06:19]} Qb6+ {[%emt 0:02:59]} 35. Bd4 {[%emt 0:00:13]} Qe6 {[%emt 0:00:15]} 36. h3 {[%emt 0:01:30]} Nf6 {[%emt 0:00:14]} 37. Bxf6 {[%emt 0:02:59]} Qxf6 {[%emt 0:00:17]} 38. Bxd7+ {[%emt 0:01:09]} Kf7 {[%emt 0:01:29]} 39. Qb3+ {[%emt 0:01:13]} Kg7 {[%emt 0:01:49]} 40. Qe6 {[%emt 0:00:44]} Qg5 {[%emt 0:02:49]} 41. Qe5+ {[%emt 0:32:29]} Kh6 {[%emt 0:30:10]} 42. h4 {[%emt 0:06:59]} Qg4 {[%emt 0:00:07]} 43. Qe3+ {[%emt 0:01:23]} Kh5 {[%emt 0:01:12]} 44. Rd4 {[%emt 0:02:33]} Rc1+ {[%emt 0:00:17]} 45. Kf2 {[%emt 0:00:28]} Rc2+ {[%emt 0:00:13]} 46. Ke1 {[%emt 0:00:25]} Rc1+ {[%emt 0:00:48]} 47. Qxc1 {[%emt 0:00:25]} Qxd4 {[%emt 0:00:14]} 48. Qg5# {[%emt 0:01:36]} 1-0

[Event "10th LCC FIDE Open 2018"]
[Site "London"]
[Date "2018.12.15"]
[Round "7"]
[White "Richardson, John R"]
[Black "Gant, Chris J"]
[Result "1-0"]
[WhiteElo "2242"]
[BlackElo "2135"]
[Annotator "NA"]
[PlyCount "59"]
[EventDate "2018.12.09"]
[EventType "swiss"]
[EventCountry "ENG"]
[SourceTitle "playchess.com"]
[Source "ChessBase"]
[SourceQuality "1"]
[TimeControl "40/5400+30:1800+30"]

1. d4 {[%emt 0:00:00]} g6 {[%emt 0:01:40]} 2. e4 {[%emt 0:00:00]} d6 {[%emt 0:00:24]} 3. Nc3 {[%emt 0:00:00]} Nf6 {[%emt 0:00:26]} 4. Be3 {[%emt 0:01:29]} c6 {[%emt 0:02:57]} 5. Qd2 {[%emt 0:03:06]} Bg7 {[%emt 0:02:58]} 6. Bh6 {[%emt 0:02:16]} O-O {[%emt 0:00:19]} 7. h4 {[%emt 0:03:13]} e5 {[%emt 0:23:06]} 8. Bxg7 {[%emt 0:12:14]} Kxg7 {[%emt 0:00:10]} 9. O-O-O {[%emt 0:00:03]} Qe7 {[%emt 0:07:34]} 10. f3 {[%emt 0:01:24]} h5 {[%emt 0:03:35]} 11. Nh3 {[%emt 0:03:25]} Na6 {[%emt 0:03:32]} 12. Be2 {[%emt 0:01:55]} (12. dxe5 $16 dxe5 13. Bxa6 Bxh3 14. Rxh3 (14. gxh3 bxa6 15. Qd6 Qxd6 $14) 14... bxa6 15. Qd6 Qxd6 16. Rxd6) 12... Nc7 {[%emt 0:01:01]} 13. Nf2 {[%emt 0:13:52]} Ne6 {[%emt 0:04:59]} 14. d5 {[%emt 0:07:18]} Nd4 {[%emt 0:03:33]} 15. g4 {[%emt 0:01:51]} Rh8 {[%emt 0:03:51]} 16. Rdg1 {[%emt 0:08:39]} Bd7 {[%emt 0:02:39]} 17. g5 {[%emt 0:05:01]} Nh7 $14 {[%emt 0:03:06]} 18. Bd1 {[%emt 0:03:22]} c5 {[%emt 0:09:18]} 19. f4 {[%emt 0:05:24]} exf4 {[%emt 0:04:26]} 20. Qxf4 {[%emt 0:00:52]} b5 {[%emt 0:03:13]} 21. Re1 {[%emt 0:01:58]} Rhe8 {[%emt 0:01:02]} 22. Rhf1 {[%emt 0:02:54]} Qe5 {[%emt 0:01:55]} 23. Nd3 {[%emt 0:00:56]} Qxf4+ {[%emt 0:00:32]} 24. Rxf4 {[%emt 0:00:13]} Re7 {[%emt 0:07:16]} 25. e5 {[%emt 0:08:28]} b4 {[%emt 0:01:11]} 26. Ne4 {[%emt 0:03:14]} dxe5 27. Nexc5 {[%emt 0:00:30]} Rae8 28. Rxe5 {[%emt 0:00:30]} Rxe5 29. Rxd4 {[%emt 0:00:30]} Bf5 30. Nxe5 {[%emt 0:00:30]} 1-0

[Event "10th LCC FIDE Open 2018"]
[Site "London"]
[Date "2018.12.15"]
[Round "7"]
[White "Signorelli, Gaetano"]
[Black "Bogner, Sebastian"]
[Result "0-1"]
[WhiteElo "2222"]
[BlackElo "2610"]
[Annotator "TA"]
[PlyCount "76"]
[EventDate "2018.12.09"]
[EventType "swiss"]
[EventCountry "ENG"]
[SourceTitle "playchess.com"]
[Source "ChessBase"]
[SourceQuality "1"]

{[%evp 12,76,19,26,28,6,63,16,27,0,0,-17,0,-10,0,0,0,0,7,-17,-26,-37,-12,-12,-18,-27,-21,-28,-29,-68,-71,-58,-58,-69,0,-58,-85,-107,-109,-110,-99,-111,-125,-120,-116,-123,-124,-125,-125,-125,-111,-186,-62,-204,-185,-252,-247,-452,-443,-610,-608,-593,-583,-577,-569,-643,-616]} 1. e4 c5 2. Nf3 d6 3. d4 cxd4 4. Nxd4 Nf6 5. Nc3 a6 6. Qf3 Qb6 {B90: Sicilian Najdorf: Unusual White 6th moves, 6 Be3 Ng4 and 6 Be3 e5} 7. Nb3 {LiveBook: 19 Games} Qc7 (7... Nbd7 8. h3 Qc7 9. a4 b6 10. e5 Bb7 11. exd6 Qb8 12. Qd3 e5 13. Bg5 Bxd6 14. O-O-O {1-0 (36) Bauer,C (2630)-Bogner,S (2603) Maastricht 2017}) 8. Be3 Nc6 (8... b5 $11) 9. Bd3 $146 ({Predecessor:} 9. O-O-O Bg4 10. Qg3 Bxd1 11. Kxd1 Rc8 12. f3 e6 13. Kc1 b5 14. Kb1 {0-1 (25) Rodin,M (2357)-Shomoev,A (2528) Saratov 2006}) 9... e6 10. h3 b5 11. a3 Bb7 12. O-O Be7 13. Qg3 O-O 14. f4 Nd7 15. Nd4 Bf6 16. Nf3 b4 17. axb4 Nxb4 18. Kh1 Rfe8 19. Ra4 a5 20. Rfa1 Bc6 $36 {[%mdl 2048] Black has strong initiative.} 21. R4a3 Reb8 22. Qf2 {[#]} e5 ({Black should play} 22... Nc5 $1 $15 {[%mdl 512]} 23. Rd1 (23. Bxc5 dxc5) 23... Qb7 24. Bxc5 dxc5) 23. f5 (23. Bc4 $11) 23... d5 $15 24. Nxd5 Nxd5 25. exd5 Bxd5 {aiming for ...e4.} 26. Ra4 Rxb2 {White must now prevent ...e4!} 27. Nd2 Be7 28. Nc4 Rb4 29. Rxa5 Rxa5 30. Nxa5 Nc5 31. Qd2 (31. Kg1 $17) 31... Ne4 (31... Nxd3 $19 32. cxd3 Qd7) 32. Bxe4 ({Only move:} 32. Qe1 $15) 32... Bxe4 $19 33. f6 (33. Nb3 $142) 33... gxf6 {And now ...Rb2 would win.} 34. c3 $2 (34. Nb3 {was necessary.}) 34... Rb5 {Black is clearly winning.} 35. c4 Bb4 {[%mdl 64] [#] Double Attack} 36. Qf2 Rxa5 37. Rxa5 Qxa5 38. Bh6 Qd8 {Accuracy: White = 20%, Black = 54%.} 0-1

[Event "10th LCC FIDE Open 2018"]
[Site "London"]
[Date "2018.12.15"]
[Round "7"]
[White "Knudsen, Simon"]
[Black "Lopez Gomez, Jose Pablo"]
[Result "1-0"]
[WhiteElo "2206"]
[BlackElo "2094"]
[Annotator "NA"]
[PlyCount "67"]
[EventDate "2018.12.09"]
[EventType "swiss"]
[EventCountry "ENG"]
[SourceTitle "playchess.com"]
[Source "ChessBase"]
[SourceQuality "1"]
[TimeControl "40/5400+30:1800+30"]

1. e4 {[%emt 0:00:00]} e6 {[%emt 0:07:56]} 2. d4 {[%emt 0:00:00]} d5 {[%emt 0:00:23]} 3. Nd2 {[%emt 0:00:00]} Nf6 {[%emt 0:00:15]} 4. e5 {[%emt 0:00:00]} Nfd7 {[%emt 0:00:02]} 5. Bd3 {[%emt 0:00:07]} c5 {[%emt 0:00:04]} 6. c3 {[%emt 0:00:06]} Nc6 {[%emt 0:00:07]} 7. Ne2 {[%emt 0:00:05]} cxd4 {[%emt 0:00:48]} 8. cxd4 {[%emt 0:00:07]} f6 {[%emt 0:00:12]} 9. exf6 {[%emt 0:00:05]} Nxf6 {[%emt 0:00:03]} 10. Nf3 {[%emt 0:00:10]} Bd6 {[%emt 0:01:44]} 11. O-O {[%emt 0:00:11]} Qc7 {[%emt 0:01:47]} 12. Nc3 {[%emt 0:00:15]} a6 {[%emt 0:00:09]} 13. Bd2 {[%emt 0:00:06]} O-O {[%emt 0:01:07]} 14. Rc1 {[%emt 0:00:05]} Bd7 {[%emt 0:03:52]} 15. Re1 {[%emt 0:00:11]} Rae8 {[%emt 0:05:54]} 16. Na4 {[%emt 0:14:31]} Qb8 {[%emt 0:12:43]} 17. Nc5 {[%emt 0:47:40]} e5 {[%emt 0:15:09]} 18. Nxd7 {[%emt 0:17:52]} Nxd7 {[%emt 0:00:13]} 19. Qb3 {[%emt 0:00:08]} Nf6 {[%emt 0:25:56]} 20. Bg5 {[%emt 0:09:40]} Na5 {[%emt 0:03:16]} 21. Qa4 {[%emt 0:00:10]} e4 {[%emt 0:11:57]} 22. Bxf6 {[%emt 0:06:39]} b5 {[%emt 0:01:46]} 23. Qxa5 {[%emt 0:01:05]} Rxf6 {[%emt 0:00:08]} 24. Ne5 {[%emt 0:01:43]} exd3 {[%emt 0:02:53]} 25. Nd7 {[%emt 0:00:51]} Rxe1+ {[%emt 0:02:26]} 26. Qxe1 {[%emt 0:00:06]} Bxh2+ {[%emt 0:01:13]} 27. Kh1 {[%emt 0:00:08]} d2 {[%emt 0:00:27]} 28. Nxf6+ {[%emt 0:00:39]} gxf6 {[%emt 0:00:19]} 29. Qe6+ {[%emt 0:00:06]} Kg7 {[%emt 0:00:25]} 30. Qg4+ {[%emt 0:00:49]} Kf7 {[%emt 0:00:22]} 31. Rd1 {[%emt 0:00:41]} Bf4 {[%emt 0:00:29]} 32. g3 {[%emt 0:00:08]} Bh6 {[%emt 0:01:03]} 33. f4 {[%emt 0:00:17]} Qe8 {[%emt 0:00:25]} 34. Qh5+ {[%emt 0:00:35]} 1-0